Central Library OPAC University of Rajshahi

The making of Pakistan : (Record no. 27170)

MARC details
000 -LEADER
fixed length control field 00650nam a2200217 a 4500
001 - CONTROL NUMBER
control field 27170
003 - CONTROL NUMBER IDENTIFIER
rucl marc code BD-RjUL
005 - DATE AND TIME OF LATEST TRANSACTION
control field 20211209051124.0
008 - FIXED-LENGTH DATA ELEMENTS--GENERAL INFORMATION
fixed length control field 140324s1967 uk 001 0 eng d
035 ## - SYSTEM CONTROL NUMBER
System control number CURL 040000050836(Lee) from rgc012
-- (BD-RjUL)27241
040 ## - CATALOGING SOURCE
Original cataloging agency BD-RjUL
Language of cataloging eng
Transcribing agency BD-RjUL
041 ## - LANGUAGE CODE
Language code of text/sound track or separate title eng
082 ## - DEWEY DECIMAL CLASSIFICATION NUMBER
Classification number 954.9
Author mark and year AZM 1967
100 1# - MAIN ENTRY--PERSONAL NAME
Personal name Aziz, Khursheed Kamal.
9 (RLIN) 2361
245 14 - TITLE STATEMENT
Title The making of Pakistan :
Remainder of title a study in nationalism /
Statement of responsibility, etc. K.K. Aziz.
260 ## - PUBLICATION, DISTRIBUTION, ETC. (IMPRINT)
Place of publication, distribution, etc. London :
Name of publisher, distributor, etc. Chatto & Windus,
Date of publication, distribution, etc. c1967.
300 ## - PHYSICAL DESCRIPTION
Pagination 223 p. ;
Size 23 cm
504 ## - BIBLIOGRAPHY, ETC. NOTE
Bibliography, etc Includes Index & Bibliography
651 #0 - SUBJECT ADDED ENTRY--GEOGRAPHIC NAME
Geographic name Pakistan
General subdivision History
9 (RLIN) 83403
942 ## - ADDED ENTRY ELEMENTS (KOHA)
Source of classification or shelving scheme Dewey Decimal Classification
Koha item type Books
Holdings
Lost status Source of classification or shelving scheme Damaged status Not for loan Collection code Permanent Location Current Location Shelving location Date acquired Source of acquisition Cost, normal purchase price Total Checkouts Full call number Date last seen Date checked out Copy number Koha item type
  Dewey Decimal Classification     Non-fiction Central Library, University of Rajshahi Central Library, University of Rajshahi   17/04/1968 Feroz Sons Ltd 28.00 1 954.9 AZM 1967 15/10/2018 09/09/2018 C-4 Books
  Dewey Decimal Classification     Non-fiction Central Library, University of Rajshahi Central Library, University of Rajshahi   17/04/1968 Feroz Sons Ltd 28.00   954.9 AZM 1967 24/03/2014   C-3 Books
  Dewey Decimal Classification     Non-fiction Central Library, University of Rajshahi Central Library, University of Rajshahi   17/04/1968 Heffers & Sons 28.00   954.9 AZM 1967 27/03/2014   C-2 Books
  Dewey Decimal Classification   Not For Loan Non-fiction Central Library, University of Rajshahi Central Library, University of Rajshahi Reading Room 17/04/1968 Hongkong contemporary china 28.00   954.9 AZM 1967 14/02/2017   C-1 Books